| 000 | 00723cam a2200253 4500 | ||
|---|---|---|---|
| 001 | 3141048 | ||
| 003 | ARRUPE | ||
| 005 | 20130925165701.0 | ||
| 008 | 731121r1973 nyu b 001 0 eng | ||
| 010 | _a 73006336 | ||
| 020 | _a0060605472 | ||
| 040 |
_aDLC _cDLC _dDLC |
||
| 050 | 0 | 0 |
_aBS511.2 _b.B37 1973 |
| 100 | 1 |
_aBarr, James, _d1924-2006. _91286 |
|
| 245 | 1 | 4 | _aThe Bible in the modern world. |
| 250 | _a[1st U.S. ed.] | ||
| 260 |
_aNew York, _bHarper & Row _c[1973] |
||
| 300 |
_axii, 193 p. _c22 cm. |
||
| 350 | _a$5.95 | ||
| 504 | _aBibliography: p. [185]-188. | ||
| 630 | 0 | 0 |
_aBible _xCriticism, interpretation, etc. _91287 |
| 906 |
_a7 _bcbc _corignew _d2 _eocip _f19 _gy-gencatlg |
||
| 942 |
_2lcc _cMONOGRAPH |
||
| 999 |
_c118051 _d118051 |
||